Statistiken für Länder nach Bild

Klicken Sie hier um das Quiz zu spielen!

Allgemein

  • Dieses Quiz wurde 8.025 mal gespielt
    (6.713 seit der letzten Aktualisierung)
  • Das Durchschnittsergebnis liegt bei 10 aus 15

Antwortstatistiken

Antwort% Korrekt
Brasilien
97%
Deutschland
97%
Australien
96%
Russland
95%
Japan
90%
Indien
79%
Vereinigte Arabische Emirate
75%
Mexiko
72%
Thailand
69%
Island
66%
Kanada
61%
Israel / Palästina
55%
Norwegen
40%
Venezuela
26%
Neuseeland
22%

Verteilung der Resultate

Perzentil nach korrekt beantworteten Fragen

Anzahl Personen mit jedem Resultat

Ihre Resultats-Entwicklung

Sie haben dieses Quiz seit der letzten Aktualisierung nicht gespielt